Introducción general a la filosofía

Furkejuvvon:
Bibliográfalaš dieđut
Váldodahkki: Maritain, Jacques (autor)
Materiálatiipa: Girji
Giella:espánnjágiella
Almmustuhtton: Buenos Aires Club de Lectores 1956
Preanttus:13a. ed
Ráidu:Biblioteca Argentina de Filosofía, 1
Fáttát:
Fáddágilkorat: Lasit fáddágilkoriid
Eai fáddágilkorat, Lasit vuosttaš fáddágilkora!

MARC

LEADER 00000nam a2200000 a 4500
001 UCK3949
003 CL-VaPUC
008 050513e19560000AG |||||||||||||||||spa|d
082 0 4 |a 102  |b MAR  |2 21 
100 |a Maritain, Jacques  |e autor  |9 255680 
245 1 0 |a Introducción general a la filosofía 
250 |a 13a. ed 
300 |a 240 p 
942 |c BK 
945 |d 20050513 00:00:00  |a jcarroza 
260 |a Buenos Aires  |b Club de Lectores  |c 1956 
650 0 |a Filosofía   |9 223554 
650 0 |a Historia de la filosofía  |9 256920 
650 0 |a Escuelas filosóficas   |9 266232 
583 |a last modification  |c 20050513 00:00:00  |k Rodrigo Vera 
490 0 |a Biblioteca Argentina de Filosofía, 1 
999 |c 312993  |d 312991 
952 |0 0  |1 0  |4 0  |6 102_000000000000000_MAR_1956  |7 0  |8 A  |9 384010  |a BIBDER  |b BIBDER  |d 2019-11-22  |i 4119134  |o 102 MAR 1956  |p 4119134  |r 2023-01-25  |w 2019-11-22  |y BK  |k DER